000
00303nam a22001337a 4500
008
260211b ||||| |||| 00| 0 eng d
020
_a
9788853623140
041
_a
ital
080
_a
0.5
100
_a
20
101
_a
ital
245
_a
IL Servitore di Duo Padroni
_c
Carlo Goldoni
942
_2
lcc
_c
BK
999
_c
60777
_d
60777